[Event "Santo Domingo La Raza op"]
[Site "Santo Domingo"]
[Date "2015.10.20"]
[Round "6"]
[White "Ventura Ruiz, Jonathan Leonardo"]
[Black "Vasquez Lorenzo, Carlos Alberto"]
[Result "1/2-1/2"]
[WhiteElo "1921"]
[BlackElo "1889"]
[PlyCount "115"]
[EventDate "2015.10.12"]
[EventType "swiss"]
[EventRounds "8"]
[EventCountry "DOM"]
[SourceTitle "CBM 169 Extra"]
[Source "ChessBase"]
[SourceDate "2015.12.18"]
[SourceVersion "1"]
[SourceVersionDate "2015.12.18"]
[SourceQuality "1"]

1. d4 Nf6 2. Nc3 d5 3. Bf4 c6 4. e3 Bf5 5. Bd3 Bxd3 6. cxd3 e6 7. g4 g6 8. Be5 Nbd7 9. f4 Nxe5 10. fxe5 Nd7 11. h4 h5 12. g5 Bb4 13. Nge2 c5 14. a3 cxd4 15. exd4 Be7 16. Qb3 Rb8 17. Rc1 0-0 18. Rg1 Kh7 19. Qd1 Qb6 20. Rg2 Rh8 21. Rf2 Kg7 22. Qa4 Qd8 23. Nf4 a6 24. Qd1 Qb6 25. Qf3 Rbc8 26. Qe3 Nb8 27. b4 Nc6 28. Nfe2 a5 29. b5 Bxa3 30. bxc6 Bxc1 31. Qxc1 Qxc6 32. Qa3 Ra8 33. Qe7 Rhf8 34. Qc5 Qd7 35. Qb5 Qe7 36. Qc5 Qd7 37. Kd2 a4 38. Qb5 Qxb5 39. Nxb5 a3 40. Rf1 a2 41. Ra1 Rfc8 42. Nec3 Ra5 43. Rxa2 Rxa2+ 44. Nxa2 Ra8 45. Nbc3 Kf8 46. Kc2 Ke8 47. Kb3 b6 48. Nb5 Ke7 49. Kb2 Ra4 50. Nac3 Ra5 51. Nd6 Kf8 52. Ncb5 Ra4 53. Kb1 Rb4+ 54. Kc2 Ra4 55. Kb2 Rb4+ 56. Kc1 Rb3 57. Kc2 Rb4 58. Kc1 1/2-1/2